000 00292pam a2200133 a 4500
020 _c
041 _h
100 _a G. Fahr, Becker.
245 _aArt Nouveav
_b Art Nouveav
_hTextual Documents
250 _a 1997.
260 _a[s.l]:
_bKonemann.
300 _a425:
_bHard.
930 _a1438
999 _c235228
_d235228